00890nam a2200229Ia 4500020001500000040000800015082002600023100001800049245005800067260008200125300007100207490003500278500013700313500005000450650002100500650001400521650001100535650002000546700001300566700002100579710006000600 a9251049513 cCUS a363 FOO 2004 A079 Or.1 aSumner, J. L.10aApplication of risk assessment in the fish industry / aRome, Italy :bFood and Agriculture Organization of the United Nations,c2004 aix, 78 p. :bill. ;c30 cm. +e1 computer optical disk (4 3/4 in.)1 aFAO fisheries technical paper, a"Developed as a complete "how to" package on risk assessment for seafood technologists, regulators and health professionals"--P. iv aAccompanying CD-ROM has title: Resources bank 0aSeafood industry 0aFisheries 0aFishes 0aRisk assessment1 aRoss, T.1 aAbabouch, Lahsen2 aFood and Agriculture Organization of the United Nations